| 000 | 00915nam a2200277 i 4500 | ||
|---|---|---|---|
| 003 | DO-SdBNP | ||
| 005 | 20250526140355.0 | ||
| 007 | ta | ||
| 008 | 250526b2025 dr ||||| |||| 00| 0 spa d | ||
| 020 | _a9789945649505 | ||
| 040 |
_aDO-SdBNP _bspa _cBNPHU _erda |
||
| 041 | _aspa | ||
| 082 | 4 |
_axxx _bG718u _222 |
|
| 100 | 1 |
_aGouther, Jenn _eautor _4aut. _987712 |
|
| 245 | 1 | 3 |
_aUn corazón deshidratado : _bguía devocional _cJenn Gouther ; corrección, Muyli Leal ; diagramación, Manuel Cubilette. |
| 264 | 4 |
_aSanto Domingo, República Dominicana : _bPrintbarato, _c©2025. |
|
| 300 |
_a115 páginas ; _c22 cm. |
||
| 336 |
_atexto _btxt _2rdacontent |
||
| 337 |
_asin mediación _bn _2rdamedia |
||
| 338 |
_avolumen _bnc _2rdacarrier |
||
| 590 | _aInventariado, 2025 /LP | ||
| 700 | 1 |
_aLeal, Muyli _eautor _4aut. _987874 |
|
| 700 | 1 |
_aCubilette, Manuel _eautor _4aut. _987875 |
|
| 910 | _aLP | ||
| 942 |
_2ddc _cLBS1 |
||
| 999 |
_c58977 _d58977 |
||